Kadra Polska na czerwcowe zgrupowanie 2025 - Statystyki

Ogólne statystyki
  • Ten quiz został rozwiązany 34 razy
  • Średni wynik to 15 z 26
Statystyki odpowiedzi
# Zawodnik % Poprawnych
12 Lukasz Skorupski
97%
21 Nicola Zalewski
87%
10 Piotr Zieliński
87%
22 Marcin Bulka
84%
20 Sebastian Szymański
77%
7 Karol Swiderski
71%
23 Krzysztof Piatek
71%
2 Matty Cash
71%
14 Jakub Kiwior
68%
8 Jakub Moder
68%
5 Jan Bednarek
68%
16 Adam Buksa
58%
13 Jakub Kaminski
52%
19 Przemyslaw Frankowski
52%
- Bartosz Mrozek
48%
24 Bartosz Slisz
48%
- Mateusz Skrzypczak
45%
6 Jakub Piotrowski
42%
- Maxi Oyedele
42%
- Paweł Dawidowicz
42%
4 Sebastian Walukiewicz
42%
18 Bartosz Bereszyński
39%
3 Mateusz Wieteska
35%
- Oskar Repka
26%
- Mateusz Bogusz
19%
- Mateusz Kochalski
16%
Nie znaleziono quizów pasujących do podanych kryteriów
Rozkład punktacji
Procent ludzi z każdym wynikiem
Percentyl według liczby udzielonych odpowiedzi
Twoja historia wyników
Nie rozwiązałeś tego quizu